| Tag |
First Indicator |
Second Indicator |
Subfields |
| LEADER |
00000cam a2200000 4500 |
| 001 |
in00000038896 |
| 005 |
20151007081351.0 |
| 008 |
720224s1954 a b 1 eng u |
| 010 |
|
|
|a 54003565
|
| 035 |
|
|
|a (OCoLC)00248799
|
| 035 |
|
|
|9 AAF6268AM
|
| 040 |
|
|
|c YNG
|d TXA
|d UtOrBLW
|
| 049 |
|
|
|a TXAM
|c [247340]
|
| 090 |
|
|
|a JK526 1954
|b .C36 1954
|
| 092 |
|
|
|a 324.73
|b C187v
|
| 100 |
1 |
|
|a Campbell, Angus.
|
| 245 |
1 |
4 |
|a The voter decides /
|c Angus Campbell, Gerald Gurin, Warren E. Miller ; with the assistance of Sylvia Eberhart and Robert O. McWilliams.
|
| 264 |
|
1 |
|a Evanston, Ill. :
|b Row, Peterson,
|c [1954]
|
| 300 |
|
|
|a xiii, 242 pages :
|b map, tables ;
|c 24 cm.
|
| 336 |
|
|
|a text
|b txt
|2 rdacontent
|
| 337 |
|
|
|a unmediated
|b n
|2 rdamedia
|
| 338 |
|
|
|a volume
|b nc
|2 rdacarrier
|
| 500 |
|
|
|a Based on a survey of the 1952 election conducted by the Survey Research Center at the University of Michigan.
|
| 504 |
|
|
|a Includes bibliographical references and index.
|
| 536 |
|
|
|a Dr. Paul P. Van Riper Collection, Department of Political Science.
|
| 650 |
|
0 |
|a Presidents
|z United States
|x Election
|y 1952.
|
| 999 |
|
|
|a MARS
|
| 999 |
f |
f |
|s f0f425e7-7def-3af9-8ef6-8b5f16337ceb
|i 82bcd504-70e6-3969-a718-44e268a7e67b
|t 0
|
| 952 |
f |
f |
|p ric
|a Texas A&M University
|b Rellis Campus
|c Joint Library Facility
|d Remote Storage
|t 0
|e JK526 1954 .C36 1954
|h Library of Congress classification
|i unmediated -- volume
|m A14821167644
|
| 998 |
f |
f |
|a JK526 1954 .C36 1954
|t 0
|l Remote Storage
|